[Event "Olympiad-36"]
[Site "Mallorca"]
[Date "2004.10.17"]
[Round "3"]
[White "Almasi, Zoltan"]
[Black "Winants, Luc"]
[Result "0-1"]
[WhiteElo "2650"]
[BlackElo "2519"]
[Annotator "Wedberg,T"]
[PlyCount "62"]
[EventDate "2004.10.15"]
[EventType "team-swiss"]
[EventRounds "14"]
[EventCountry "ESP"]
[SourceTitle "CBM 104"]
[Source "ChessBase"]
[SourceDate "2005.01.27"]
[SourceVersion "1"]
[SourceVersionDate "2005.01.27"]
[SourceQuality "1"]
[WhiteTeam "Hungary"]
[BlackTeam "Belgium"]
[WhiteTeamCountry "HUN"]
[BlackTeamCountry "BEL"]

1. e4 e5 2. Nf3 Nc6 3. Bb5 a6 4. Ba4 d6 5. c3 f5 6. exf5 Bxf5 7. d4 $5 {
This leads to very sharp play. The safest move is} (7. O-O) 7... e4 8. Ng5 d5
9. f3 h6 10. fxe4 hxg5 11. exf5 Bd6 12. Qf3 g4 $5 {A P-sac in the interest of
development. It has done well in practise, but I think its a bit optimistic.} (
12... Rh4 13. Kd1 Kf8 14. Bb3 Nh6 15. g3 Rh3 16. Qxd5 Qf6 17. Nd2 Ne7 18. Qg2
Ng4 19. Ne4 Qh6 20. Nxg5 $18 {1-0 Dvoirys,S-Kravtsov,S/Moscow 1998/EXT 99 (25)}
) (12... Qe7+ 13. Kd1 O-O-O 14. Re1 Qf6 15. Re6 Nxd4 $1 $36 {0-1 Fedorov,
V-Hamatgaleev,A/Perm 1997/EXT 2000 (61)}) 13. Qxg4 Nf6 14. Qf3 $5 {White has
two Ps and poor development, but the pressure is on Black to create real
threats before White gets his Q-side out.} (14. Qe2+ Kf8 15. Bg5 Qd7 16. Bxc6
bxc6 17. Bxf6 gxf6 $13 {0-1 Balcerak,P-Biro,S/Postbauer 2000/EXT 2004 (30)}) (
14. Bxc6+ bxc6 15. Qg6+ Kf8 16. Kd1 Ne4 $44 {1/2-1/2 Kosteniuk,A-Yandemirov,V/
Moscow 2001/EXT 2002 (45)}) (14. Qxg7 Rg8 15. Qh6 Rxg2 $36) 14... Ne4 $146 (
14... Qe7+ 15. Kd1 Bxh2 16. Bxc6+ bxc6 17. Bf4 $18 {0-1 Rogovoi,M-Kravtsov,S/
St Petersburg 2002/CBM 86 ext (46)}) 15. Kd1 Qh4 16. Be3 O-O-O {Black has some
play for the two Ps, but White does not seem to be in any real danger right
now, so he can just develop and hope for the endgame.} 17. Bxc6 bxc6 18. Nd2
Ng3 19. Bf2 Qg5 20. Bxg3 Bxg3 21. h4 (21. Qf1 $5 {[%cal Yd2b3,Yb3c5]}) 21...
Rxh4 22. Rxh4 Qxh4 23. Kc2 Re8 24. Rf1 $16 {Its just a P more for White.} Bd6
25. Qd3 (25. g4 Qg5 26. Rh1 $16) 25... Qg4 $5 {[%mdl 32] A good practical
decision. Black needs counterplay.} 26. Qxa6+ Kd7 27. Rf2 Re1 28. Nf3 Qe4+ 29.
Kb3 Re3 30. Nd2 $2 (30. a4) 30... Qxd4 {Suddenly its not so easy any more.} 31.
Re2 $2 {Final mistake meets with a brilliant counter.} Qg4 $1 0-1

[Event "Minsk Boleslavsky Memorial"]
[Site "Minsk"]
[Date "1994.??.??"]
[Round "2"]
[White "Nielsen, Peter Heine"]
[Black "Yandemirov, Valeri"]
[Result "0-1"]
[WhiteElo "2475"]
[BlackElo "2510"]
[Annotator "Wedberg,T"]
[PlyCount "88"]
[EventDate "1994.02.??"]
[EventType "tourn"]
[EventRounds "11"]
[EventCountry "BLR"]
[EventCategory "10"]
[SourceTitle "CBM 042"]
[Source "ChessBase"]
[SourceDate "1994.10.01"]
[SourceVersion "1"]
[SourceVersionDate "1994.10.01"]
[SourceQuality "1"]

1. e4 e5 2. Nf3 Nc6 3. Bb5 a6 4. Ba4 d6 5. c3 f5 6. exf5 Bxf5 7. O-O Bd3 8. Re1
Be7 9. Bc2 Bxc2 (9... e4 $5 10. Bxd3 exd3 11. Re3 Nh6 12. Rxd3 O-O 13. Ne1 (13.
Re3 Ng4 $13) 13... Bh4 14. Rf3 Bxf2+ $1 15. Kxf2 Qh4+ 16. Kg1 Ng4 17. h3 Nce5
18. Qe2 Nxf3+ 19. Nxf3 Rxf3 20. gxf3 Ne5 21. d4 Qg3+ 22. Kf1 Nxf3 23. Qf2 Nh2+
24. Ke2 Re8+ 25. Be3 Qxh3 {0-1/Andersson,M-Adler,B/Täby/1993}) 10. Qxc2 Nf6 11.
d4 Qd7 (11... O-O 12. d5 $1 e4 13. Ng5 $16 {Anand,V-Yusupov,A/WaZ (m5)/1-0/25})
(11... exd4 12. cxd4 O-O 13. Nc3 Kh8 14. Ng5 Nxd4 15. Qd3 h6 16. Qxd4 hxg5 17.
Bxg5 Qd7 18. Nd5 $1 $14 {Glek-Kovacevic,Vl/Jugoslavija (ch)/1986/1/2-1/2/32})
12. dxe5 Nxe5 13. Nxe5 dxe5 14. Bg5 (14. Nd2 {+/= ECO}) 14... O-O-O 15. Nd2 h6
16. Bxf6 $6 (16. Be3 Ng4 17. Ne4 $14) 16... gxf6 $10 17. Rad1 Qe6 18. Qb3 Qxb3
19. axb3 Rd5 20. Nc4 Rhd8 21. Rxd5 Rxd5 22. Kf1 Kd7 23. g4 Bc5 24. b4 Ba7 25.
Ke2 Ke6 26. Rg1 e4 27. h3 h5 28. gxh5 Rxh5 29. Rg7 Rxh3 30. Rxc7 Rh2 31. Ne3
Bxe3 32. Kxe3 f5 33. Rxb7 Rh3+ 34. Ke2 f4 35. Rb6+ Kf5 36. Kf1 Rh1+ 37. Kg2 Rb1
38. Rb8 f3+ 39. Kh2 Kg4 40. Rg8+ Kf4 41. Rf8+ Kg4 42. Rg8+ Kf4 43. Rh8 Kg5 44.
Rg8+ Kh6 $138 0-1

[Event "Japfa Classic"]
[Site "Bali"]
[Date "2000.04.23"]
[Round "2"]
[White "Milos, Gilberto"]
[Black "Timman, Jan H"]
[Result "1/2-1/2"]
[WhiteElo "2620"]
[BlackElo "2655"]
[Annotator "Wedberg,T"]
[PlyCount "63"]
[EventDate "2000.04.22"]
[EventType "tourn"]
[EventRounds "9"]
[EventCountry "INA"]
[EventCategory "16"]
[SourceTitle "CBM 077"]
[Source "ChessBase"]
[SourceDate "2000.07.27"]
[SourceVersion "1"]
[SourceVersionDate "2000.07.27"]
[SourceQuality "1"]

1. e4 e5 2. Nf3 Nc6 3. Bb5 a6 4. Ba4 d6 5. c3 f5 6. exf5 Bxf5 7. O-O Bd3 8. Re1
Be7 9. Bc2 Bxc2 10. Qxc2 Nf6 11. d4 e4 12. Ng5 d5 {This line is quite solid
for Black. But for winning purposes it´s no good. Black gets a draw with exact
play - most of the times.} 13. f3 h6 14. Nh3 O-O 15. Nd2 exf3 16. Nxf3 Rf7 $1 {
The best move. Preempting a lot of White attacking ideas.} (16... Bd6 17. Bxh6
$1 gxh6 18. Qg6+ Kh8 19. Qxh6+ Nh7 20. Nfg5 (20. Nhg5 Qd7 21. Re6 Bf4 22. Qh5
Rf5 23. Rh6 $16 {1-0 Wahlbom,M-Lejlic,S/Ronneby 1998/EXT 99 (55)}) 20... Qd7
21. Re6 Rae8 22. Rae1 Rxe6 23. Rxe6 Rg8 24. Nxh7 Qxh7 25. Qf6+ Qg7 26. Qh4+ Qh7
27. Rh6 {1-0 Sokolov,A-Anic,D/FRA 1994/EXT 99 (27)}) (16... Qd7 17. Qg6 $14 Qg4
18. Qxg4 Nxg4 19. Nf4 Rfd8 20. Ne6 Rd7 21. Bf4 $16 {1-0 Leko,P-Jussupow,A/
Vienna 1996/CBM 55/[Wedberg] (75)}) 17. Bf4 (17. Nf4 Bd6 18. Ne6 (18. Qg6 Ne7 {
gives White nothing}) 18... Qd7 19. Bxh6 Ne4 20. Neg5 gxh6 21. Nxf7 Qxf7 $13 {
1/2-1/2 Konguvel,P-Ibragimov,I/Calcutta 2000/CBM 74 ext (48)}) (17. Qg6 Bd6 18.
Bf4 (18. Bxh6 Ne7 19. Rxe7 (19. Qg5 Ne4 20. Qg4 Nf6 21. Qg5 Ne4 22. Qg4 Nf6 {
1/2-1/2 Hermansson,E-Gretarsson,H/Sweden 1999/CBM 73 ext (22)}) 19... Rxe7 20.
Bg5 Qe8 $15 {0-1 Abramov,L-Terpugov,E/Moscow 1949/MCD (51)}) 18... Ne7 19. Qc2
Ng4 20. Ne5 Nxe5 21. Bxe5 Bxe5 22. Rxe5 Qd7 $11 {1/2-1/2 Almasi,Z-Sermek,D/
Pula 1996/EXT 99 (26)}) 17... Bd6 18. Bxd6 Qxd6 19. Nf2 Re7 $11 {Black has
achieved his aim - equality.} 20. Rxe7 Nxe7 21. Qb3 b6 22. Re1 c5 23. Re3 Rf8
24. Qd1 Nc6 25. Qd3 b5 26. a3 Nh5 27. g3 Nf6 28. Kg2 cxd4 29. Nxd4 Nxd4 30.
Qxd4 Qd7 31. Re5 Qf7 32. Qf4 1/2-1/2

[Event "Vienna Millenium"]
[Site "Vienna"]
[Date "1996.08.12"]
[Round "4"]
[White "Leko, Peter"]
[Black "Jussupow, Artur"]
[Result "1-0"]
[WhiteElo "2630"]
[BlackElo "2665"]
[Annotator "Wedberg,T"]
[PlyCount "149"]
[EventDate "1996.08.09"]
[EventType "tourn"]
[EventRounds "9"]
[EventCountry "AUT"]
[EventCategory "18"]
[SourceTitle "CBM 055"]
[Source "ChessBase"]
[SourceDate "1996.12.01"]
[SourceVersion "1"]
[SourceVersionDate "1996.12.01"]
[SourceQuality "1"]

1. e4 {Hecht} e5 2. Nf3 Nc6 3. Bb5 a6 4. Ba4 d6 5. c3 f5 6. exf5 Bxf5 7. O-O
Bd3 8. Re1 Be7 9. Bc2 Bxc2 10. Qxc2 Nf6 11. d4 {White has chosen the most
solid approach to Blacks Siesta variation. Black is often very close to
equality in this line, but with careful play White can normally keep a very
slight plus.} e4 (11... exd4 12. cxd4 d5 $5 13. Nc3 O-O 14. Bg5 Bb4 15. a3 Bxc3
16. Qxc3 Qd7 17. Bxf6 Rxf6 18. Ne5 Qf5 $10 {1/2-1/2 Pelle,G-Orsini,P/Avoine op
(08) ;EXT 95op 1995 (24)}) (11... Qd7 12. dxe5 dxe5 (12... Nxe5 13. Nxe5 dxe5
14. Nd2 $14) 13. Be3 O-O-O 14. Nbd2 Rhe8 15. Rad1 Qd3 16. Qxd3 Rxd3 17. Nc4 $14
{Adams,M-Piket,J/Cannes 60'Team (05) ;CBM 28 1992/1-0 (56)}) (11... O-O 12. d5
$1 e4 13. Ng5 Ne5 14. Ne6 Qd7 15. Nd2 e3 16. Rxe3 Nxd5 17. Nxf8 Nxe3 18. Qxh7+
Kxf8 19. fxe3 Re8 20. Ne4 (20. h3 Qb5 $1 $44 {Xie Jun-Lautier/Amsterdam/1994/i/
61/324/}) (20. e4 Bf6 $1 $44 {Anand,V}) 20... Qg4 21. Bd2 Nf3+ 22. Kh1 Nxd2 23.
Nxd2 Qe2 24. Ne4 $16 {1-0 Almasi,Z-Winants,L/Wijk (B1.2) ;CBM 45 1995 (37)})
12. Ng5 (12. Nfd2 d5 13. f3 (13. Nf1 O-O 14. Be3 Bd6 15. Qe2 Ne7 16. Nbd2 Ng6
$15 {0-1 Gullaksen,E-Lejlic,S/Gausdal TM (06) ;EXP 46 1995 (44)}) 13... exf3 (
13... O-O 14. fxe4 dxe4 15. Nxe4 Nxd4 16. Nxf6+ Bxf6 17. cxd4 Qxd4+ 18. Be3
Qxb2 19. Qc4+ Kh8 20. Nd2 $16 {1-0 Howell,J-Lejlic,S/London Lloyds (10) ;EXP
43 1994 (29)}) 14. Nxf3 Qd7 15. Bg5 O-O 16. Nbd2 Bd6 17. Re2 Ne7 18. Rae1 Ng6
$10 {Berescu,A-Vajda,L/EU-chJ U14 Herculane (08) ;TD 94\01 1994/0-1 (49)})
12... d5 13. f3 (13. Nd2 h6 14. Ne6 Qd7 15. Nf4 Qg4 16. Nf1 O-O 17. h3 Qd7 18.
Ng6 Rfe8 19. Nxe7+ Nxe7 20. Ng3 c6 $10 {Spisak,C-Ziembinski,M/POL-chT
Lubniewice (04) ;EXT 95ch 1995/1-0 (73)}) 13... h6 (13... Ng4 14. fxe4 Nxd4 15.
Qa4+ Nb5 16. exd5 Qd7 17. Ne6 h5 18. c4 $16 {1-0 Sammalvuo,T-Harju,A/Jyvaskyla
op ;EXT 94op 1994 (36)}) 14. Nh3 O-O 15. Nd2 (15. fxe4 Nxe4 16. Nd2 Bh4 17.
Nxe4 Bxe1 18. Neg5 $40 {1-0 Rosenhahn,E-Huebner,T/OLO-C 9495 (1995) ;GER 11
1995 (29)}) 15... exf3 (15... Bd6 16. fxe4 Bxh2+ 17. Kxh2 Ng4+ 18. Kg3 Qd6+ 19.
e5 Qe6 20. Nf3 Ne7 21. Qh7+ $18 {1-0 Vehi Bach,V-Winants,L/Barcelona Vulca (04)
;EXP 23 1991 (34)}) 16. Nxf3 Qd7 {Blacks weak white squares, e6 & g6, is a
real concern.} (16... Bd6 17. Bxh6 $5 (17. Qg6 Ne7) (17. Nf4 Bxf4 18. Bxf4 Ne4
19. Be3 Ne7 20. Qb3 Rf6 $1 $13) 17... gxh6 18. Qg6+ Kh8 19. Qxh6+ Nh7 20. Nhg5
Qd7 21. Nh4 $44) 17. Qg6 $14 Qg4 18. Qxg4 Nxg4 19. Nf4 Rfd8 20. Ne6 Rd7 21. Bf4
Rc8 22. Re2 b6 23. Rae1 $16 Nf6 24. Be5 Kf7 25. Nf4 Bd6 26. g3 Rg8 27. Kg2 (27.
Bxf6 Bxf4 $14) 27... g5 $6 28. Nd3 Re7 29. Rf2 {[%csl Rf6][%cal Yf2f7] Black
has tried to free himself with some aggressive measures like g7-g5, but the
result is just a very weak black position.} Re6 30. c4 $1 dxc4 31. d5 Rxe5 (
31... Ree8 $2 32. Bxf6 cxd3 33. dxc6 Kxf6 34. Ne5+ Kg7 35. Rf7+ Kh8 36. Ng6+
$18) 32. Nfxe5+ Nxe5 33. Nxe5+ Kg7 34. Nxc4 Bc5 35. Rf5 Rd8 36. Rd1 b5 37. Ne5
(37. Na5 Ng4 $132) 37... Nxd5 (37... Rxd5 38. Rxd5 Nxd5 39. Kf3 $18 {[%csl Rg7]
}) 38. Kf3 $1 {Whites material advantage is not big, but with his last move he
activates his K, something Black can t do. This differens gives White a
winning grip.} Bb6 39. Nc4 (39. h4 $5 gxh4 40. gxh4 Rd6 41. h5 Rf6 (41... Nb4
42. Rxd6 cxd6 43. Rf7+ Kg8 44. Rb7 Bd4 45. Nf7 Bg7 46. Nxd6 Nxa2 47. Nf5 Bf8
48. Rb6 $18) 42. Rxf6 Nxf6 43. Nd7 Nxh5 44. Nxb6 cxb6 45. Rd6 $18) 39... bxc4
40. Rdxd5 Re8 41. Rde5 Rd8 42. Rd5 Re8 43. Rde5 Rd8 44. Re2 Kg6 45. g4 Rd3+ 46.
Kg2 c3 47. bxc3 Rxc3 48. Re6+ Kg7 49. Re7+ Kg6 50. Rfe5 Bd4 51. R5e6+ Bf6 52.
Rxa6 $18 Rc2+ 53. Kf3 Rxa2 54. Ree6 Rxa6 55. Rxa6 {[#] HechT schlechte
schwarze B-Struktur bezogen auf die L-Farbe. Eindringen des wK mittels
Zugzwang, wenn Schwarz verharrt, oder Freibauernrennen zugunsten von Weiß} Kg7
56. Ke4 Be7 57. Kf5 Bd6 58. h3 Kf7 59. Ra8 Bb4 60. Rb8 Ba3 61. Rc8 Bd6 62. Rd8
{drohend Td7+} Ke7 63. Rh8 Bg3 64. Rh7+ Kd6 65. Rxh6+ Kd5 66. Kxg5 c5 67. Rh8
c4 68. Rd8+ Ke4 (68... Bd6 {Hecht} 69. Rxd6+ Kxd6 70. Kf4 Kc5 71. Ke3 Kb4 72.
Kd2 Kb3 73. Kc1 $18) 69. Rc8 Kd3 70. Kf5 c3 71. g5 Bf2 72. h4 c2 73. g6 Bd4 74.
Rxc2 Kxc2 75. h5 1-0

[Event "Linares Anibal op 07th"]
[Site "Linares"]
[Date "2000.01.15"]
[Round "9"]
[White "Sulskis, Sarunas"]
[Black "Yandemirov, Valeri"]
[Result "1-0"]
[WhiteElo "2521"]
[BlackElo "2481"]
[Annotator "Wedberg,T"]
[PlyCount "99"]
[EventDate "2000.01.07"]
[EventType "swiss"]
[EventRounds "10"]
[EventCountry "ESP"]
[SourceTitle "CBM 075"]
[Source "ChessBase"]
[SourceDate "2000.04.05"]
[SourceVersion "1"]
[SourceVersionDate "2000.04.05"]
[SourceQuality "1"]

1. e4 {Hecht} e5 2. Nf3 Nc6 3. Bb5 a6 4. Ba4 d6 5. c3 f5 6. exf5 Bxf5 7. O-O
Bd3 8. Re1 Be7 9. Bc2 Bxc2 10. Qxc2 Nf6 11. d4 e4 12. Nfd2 (12. Ng5 d5 13. f3
h6 14. Nh3 O-O 15. Nd2 exf3 16. Nxf3 Rf7 (16... Qd7 17. Qg6 $14 {1-0 Leko,
P-Jussupow,A/Vienna 1996/CBM 55/[Wedberg] (75)}) 17. Nf4 Bd6 $13 {1-0 Dzjuba,
V-Yandemirov,V/St Petersburg 1999/CBM 74 (51)}) 12... d5 13. f3 exf3 14. Nxf3
O-O 15. Bg5 Ne4 16. Bxe7 Nxe7 17. Nbd2 (17. c4 Nf5 18. cxd5 Ng5 {1/2-1/2
Mainka,R-Sermek,D/Groningen 1995/CBM 50 ext (18)}) 17... Nxd2 18. Qxd2 {
White can claim a minute advantage due to the control over e4 and the e-file.
But it´s only temporary and should dissipate within the next few moves.} Ng6 (
18... Nf5 $5 {/\Nd6-e4}) 19. Ne5 Qd6 (19... Nxe5 20. dxe5 $5 {[%cal Ye5e6]
Creates some play for White.} (20. Rxe5 Qd7 $11)) 20. Nd3 Nf4 21. Ne5 Ng6 (
21... Rae8 $11) 22. Qg5 Nxe5 23. Rxe5 (23. dxe5 Qe6 {With the P blocked on e5
Black has a fine game.}) 23... h6 24. Qe3 Rf7 25. Re1 Raf8 26. h4 $5 {A
probing try, but the balance of the position isn´t changed..} c6 27. Qg3 Qf6
28. Kh2 Qf2 29. Re7 $5 Qxg3+ (29... Qxb2 $2 30. Rxf7 Rxf7 31. Re8+ Kh7 (31...
Rf8 32. Re7 Rf7 33. Qb8+ Rf8 34. Qc7 $18) 32. Qd3+ g6 33. h5 $18) 30. Kxg3 g6
$2 (30... Rxe7 31. Rxe7 Rf7 32. Rxf7 (32. Re8+ Kh7 $11) 32... Kxf7 33. Kf4 Kf6
34. h5 a5 35. a4 Ke6 $11) 31. a4 Kg7 32. h5 $1 {White must open a path for his
K to be able to make progress in an eventual P-endgame.} gxh5 $6 (32... g5 $142
) 33. Kh4 Kg8 (33... Kg6 34. R1e6+ Rf6 35. Rxf6+ Rxf6 36. Rxb7 $16) 34. R1e6
Rxe7 35. Rxe7 Rf7 $2 (35... Rf2 $142 36. Rxb7 $16) 36. Rxf7 $1 Kxf7 37. Kxh5
Kg7 {Hecht: '[#] Thema: Großer weißer Raumvorteil.'} 38. a5 $18 {'!' Hecht.}
Kh7 39. b3 Kg7 40. c4 c5 (40... Kh7 {Hecht} 41. cxd5 cxd5 42. g4 Kg7 43. g5
hxg5 44. Kxg5 $18 {[%csl Rd5][%cal Rg5f5,Rf5e5]}) 41. dxc5 dxc4 42. bxc4 Kh7
43. g3 Kg7 44. g4 Kh7 45. g5 hxg5 46. Kxg5 Kg7 47. Kf5 Kf7 48. c6 {'!' Hecht.
Hecht: 'Gewinnt das entscheidende Tempo!'} (48. Ke5 {Hecht} Ke7 49. Kd5 Kd7 50.
c6+ bxc6+ 51. Ke5 {gewinnt freilich auch, ist aber nicht so schön.}) 48... bxc6
49. Ke5 Ke7 50. c5 1-0

[Event "Petrov Memorial op"]
[Site "St Petersburg"]
[Date "1996.??.??"]
[Round "1"]
[White "Korneev, Oleg"]
[Black "Yandemirov, Valeri"]
[Result "1-0"]
[WhiteElo "2590"]
[BlackElo "2430"]
[Annotator "Wedberg,T"]
[PlyCount "81"]
[EventDate "1996.02.??"]
[EventType "swiss"]
[EventRounds "9"]
[EventCountry "RUS"]
[SourceTitle "CBM 052"]
[Source "ChessBase"]
[SourceDate "1996.06.01"]
[SourceVersion "1"]
[SourceVersionDate "1996.06.01"]
[SourceQuality "1"]

1. e4 {Ftacnik} e5 2. Nf3 Nc6 3. Bb5 a6 4. Ba4 d6 5. c3 f5 6. exf5 Bxf5 7. O-O
Bd3 8. Re1 Be7 9. Bc2 Bxc2 10. Qxc2 Nf6 11. d4 exd4 12. cxd4 O-O 13. Nc3 Kh8
14. Bg5 Qd7 15. d5 (15. Rad1 Rae8 16. h3 Bd8 17. d5 Rxe1+ 18. Rxe1 Nb4 19. Qd2
$14 {Wells,P-Yandemirov,V/Ljubljana/1995}) 15... Nb4 16. Qd2 (16. Qb3 Nd3 17.
Re3 Nc5 18. Qc2 a5 19. Rae1 Bd8 20. h3 $14 {Korneev,O-Yandemirov,V/Minsk/1995})
16... c6 17. dxc6 Nxc6 (17... bxc6 18. Rad1 Rad8 19. a3 Nbd5 20. Nxd5 Nxd5 21.
Bxe7 Nxe7 22. Qe2 $16) 18. Rad1 Rad8 19. Nd4 $14 Rfe8 $6 (19... Nxd4 $142) 20.
Ne6 Rc8 21. Nd5 Ne5 $2 (21... Nxd5 22. Qxd5 Nb4 (22... Bxg5 23. Nxg5 Rxe1+ 24.
Rxe1 Rf8 25. Re6 $16) 23. Qb3 a5 24. a3 Nc2 25. Re4 $16) 22. Nxg7 $1 Kxg7 23.
Rxe5 dxe5 (23... Nxd5 {Ftacnik} 24. Rxd5 Rc6 25. Qf4 $18) 24. Nxf6 Qxd2 (24...
Bxf6 {Ftacnik} 25. Qxd7+ $18) 25. Nxe8+ Rxe8 26. Bxd2 $16 Rd8 27. Kf1 Kf7 28.
Ke2 Ke6 29. Rc1 Rg8 30. g3 Kd7 31. Rc4 b5 32. Re4 Bf6 $2 (32... Bd6 $142) 33.
Bc3 Ke6 34. f4 Rc8 35. Kf3 Kf7 36. Bxe5 Be7 37. Bc3 Ra8 38. g4 a5 39. a3 Bd6
40. h4 Ra6 41. g5 1-0

[Event "Capablanca Memorial Elite 31st"]
[Site "Cienfuegos"]
[Date "1996.??.??"]
[Round "3"]
[White "Zapata, Alonso"]
[Black "Arencibia Rodriguez, Walter"]
[Result "0-1"]
[WhiteElo "2505"]
[BlackElo "2515"]
[Annotator "Wedberg,T"]
[PlyCount "120"]
[EventDate "1996.05.??"]
[EventType "tourn"]
[EventRounds "13"]
[EventCountry "CUB"]
[EventCategory "12"]
[SourceTitle "CBM 054"]
[Source "ChessBase"]
[SourceDate "1996.10.01"]
[SourceVersion "1"]
[SourceVersionDate "1996.10.01"]
[SourceQuality "1"]

1. e4 {Kanstler} e5 2. Nf3 Nc6 3. Bb5 a6 4. Ba4 d6 5. c3 f5 6. exf5 Bxf5 7. O-O
Bd3 8. Re1 Be7 9. Re3 (9. Bc2 $142) (9. c4 $6 {Kanstler} Rb8 10. Qb3 e4 11. Ng5
Nf6 12. Nc3 O-O 13. Ncxe4 Nxe4 14. Nxe4 Ne5 $15 {Topalov,V-Lautier,J/Linares/
1995/0,5/44/}) (9. Bc2 {Kanstler} Bxc2 10. Qxc2 Nf6 11. d4 O-O 12. d5 e4 13.
Ng5 Ne5 14. Ne6 Qd7 15. Nd2 e3 16. Rxe3 Nxd5 17. Nxf8 Nxe3 18. Qxh7+ Kxf8 19.
fxe3 Re8 20. Ne4 $1 (20. h3 Qb5 21. Nb3 $2 Bf6 22. Bd2 Qd3 $13) 20... Qg4 21.
Bd2 Nf3+ 22. Kh1 Nxd2 23. Nxd2 $16 {Almasi,Z-Winants,L/Wijk aan Zee/1995/1:0/
37/}) 9... e4 10. Ne1 Bg5 11. Nxd3 $2 (11. Rh3 Nf6 (11... b5 {Kanstler} 12.
Nxd3 exd3 13. Bb3 Ne5 14. Bd5 c6 15. Be4 Nf6 16. Bxd3 Nxd3 17. Rxd3 O-O $146 {
Tanday-Kalish/corr/1973/}) (11... Qe7 {Kanstler} 12. Nxd3 exd3 13. Bxc6+ bxc6
14. Rxd3 Nf6 15. Na3 O-O 16. Rh3 Ng4 17. f3 Rae8 18. Nc2 Ne5 {Veselovsky,
S-Yandemirov,V/Smolensk/1992/0,5/18/}) 12. Nxd3 exd3 13. Rxd3 O-O 14. Rh3 Qe7
15. Na3 Rae8 16. Nc2 Ne4 $44 {Smyslov-Lutikov/SSSR/1961}) 11... Bxe3 12. Nb4
Bxf2+ $1 13. Kxf2 Qh4+ 14. Kg1 Nh6 15. d4 $146 {N/} (15. Qf1 Ng4 16. Qf4 Rf8
17. Qg3 Rf1+ 18. Kxf1 Nxh2+ 19. Qxh2 (19. Kf2 {Kanstler} Ng4+ $19) 19... Qxh2 {
0-1 Adams,M-Piket,Je/Wijk (10) 1991}) (15. g3 Qh3 16. Qf1 (16. d4 {Kanstler}
Ng4 17. Qe2 O-O 18. Bf4 g5 19. Bb3+ Kh8 20. Be6 gxf4 21. Bxg4 Qh6 22. Nd2 f3
23. Qd1 Nxb4 24. cxb4 Qe3+ 25. Kh1 Qf2 26. Bh3 Rae8 27. Rc1 e3 28. Rxc7 exd2 {
Kljavins,V-Mikenas,V/Riga/1959/0:1/28/}) 16... Qxf1+ 17. Kxf1 O-O+ 18. Kg1 (18.
Ke2 Ne5 19. Bc2 Neg4 20. Bb3+ Kh8 21. h3 Rf2+ 22. Kd1 Ne5 $17) 18... Ne5 $19 {
Abakarov-Shijanovskij/Kiev/1961} (18... Ne5 19. d4 Nf3+ 20. Kg2 Ng4 21. h3 Ne1+
22. Kg1 e3 23. Bd1 Rf2 24. Bxg4 Raf8 25. Be6+ Kh8 $19)) (15. Nxc6 O-O $1 $19 (
15... O-O {Kanstler} 16. Ne7+ Kh8 17. g3 Qh3 $19)) (15. Qe2 O-O 16. Bb3+ Kh8
17. Nxc6 Ng4 18. h3 Nf2 19. Be6 bxc6 20. Qe3 Nd3 $19 {Olsson-Söderberg/Sweden/
1962} (20... Nd3 {Kanstler} 21. Na3 Rf2 22. Bc4 Raf8 23. Bxd3 exd3 24. Kh2 Rf1
25. b3 Re1 26. g3 Rh1+ $19)) 15... O-O (15... Ng4 $5 {Kanstler} 16. h3 $8 Nf2 (
16... O-O 17. Qe2 Nf2) (16... Qf2+ 17. Kh1 O-O 18. hxg4 (18. Qxg4 $2 Qe1+ 19.
Kh2 Rf1 $19) 18... Qh4+ 19. Kg1 Qf2+ $10) 17. Qe2 $8 O-O 18. Bb3+ $8 Kh8 19.
Be6 $1 $14) 16. Qe2 e3 (16... Nxb4 $142 {This is probably at least equal for
Black. Perhaps Arencibia wanted to get out of Zapatas home work as quickly as
possible. 16. - e3 is easy to miss in preparations.} 17. cxb4 (17. Bxh6 $6 Qxh6
18. cxb4 Qc1+ 19. Qd1 (19. Bd1 e3 20. Qc2 e2 $1 21. Qxe2 Rae8 $19) 19... Qe3+ (
19... Qxb2 20. Qb3+ Qxb3 21. Bxb3+ Kh8 22. Nc3 $10) 20. Kh1 d5 21. Nc3 c6 $17)
17... Ng4 18. h3 $8 (18. Bf4 Qf6 $19) (18. g3 Qf6 $19) 18... Nf2 {/\Nxh3} 19.
Bd7 (19. Bd2 Qg3 20. Bd7 Nd3 $17) 19... Qe7 20. Ba4 Qh4 $10) 17. Bxe3 (17. Nd3
Rae8 $40) (17. g3 $5) 17... Rae8 (17... Ng4 $5 {Kanstler} 18. h3 $2 (18. g3 Qh3
19. Nd2 Rf2 (19... Rae8 $6 20. Nf1 $1 $14) 20. Qxf2 Nxf2 21. Bxf2 Nxb4 22. cxb4
$13) 18... Nxe3 19. Qxe3 Rae8 20. Bb3+ Kh8 21. Be6 Nxb4 22. cxb4 Rxe6 23. Qxe6
Qxd4+ 24. Kh2 Qxb2 $19) 18. Nd2 (18. Nxc6 Ng4 19. h3 Rxe3 20. Qxg4 Re1+ 21. Kh2
Qxg4 22. hxg4 bxc6 $19) 18... Ng4 19. g3 (19. Nf3 Rxf3 20. gxf3 Nxe3 $13) 19...
Qxh2+ 20. Qxh2 Nxh2 21. Nd5 Ng4 (21... Nf3+ $2 {Kanstler} 22. Nxf3 Rxf3 23. Rf1
$1 Rxg3+ (23... Rxf1+ 24. Kxf1 $16) (23... Rexe3 $4 24. Nxe3 Rxe3 25. Bb3+ $18)
24. Kh2 Rg4 25. Nxc7 $16 Rxe3 $4 26. Bb3+ $18) 22. Bb3 Kh8 23. Rf1 Nxe3 24.
Nxe3 Rxf1+ 25. Ndxf1 $14 Ne7 26. Kf2 g6 27. Nd2 Kg7 28. Nf3 Rf8 29. Ke2 Nf5 30.
Nxf5+ Rxf5 31. Ke3 (31. Kf2 $1 {Kanstler} Rh5 32. Kg2 $14) 31... Rh5 32. Be6 a5
33. b4 Kf6 34. Bb3 b6 35. Nd2 Rh2 36. bxa5 bxa5 37. a4 (37. Nc4 $5 {Kanstler}
a4 38. Bxa4 Rxa2 $14) 37... Rg2 38. Ne4+ Ke7 39. Bd5 Rg1 40. Bc6 Rb1 41. d5 Rg1
42. Bb5 h6 43. Bd3 Rg2 44. Be2 Rg1 45. Kd2 Kf7 46. c4 $2 $17 (46. Ke3 $10)
46... Ke7 47. g4 Rh1 {Now White has problems guarding everything. The move c4
prevents him from protecting a4 with Bb5 in many lines.} 48. Bf3 Rh2+ 49. Ke3
h5 $1 50. gxh5 gxh5 51. Bd1 h4 52. Nf2 Rg2 53. Bf3 Rg1 54. Nh3 (54. Kf4 Ra1 55.
Bd1 h3 56. Kg3 Ra3+ 57. Kh2 Ra2 58. Kg3 h2 59. Nh1 Kf6 $19) 54... Ra1 55. Nf4
Ra3+ 56. Ke4 Rxa4 57. Kd4 Ra3 58. Be4 (58. Bg4 {Kanstler} Rg3 $19) 58... h3 59.
Ne6 Rg3 60. Nxc7 Rg4 (60... Rg4 {Kanstler} 61. Ke3 Rxe4+ $1 62. Kxe4 h2 $19)
0-1